000 01133aam a2200337 i 4500
001 768714001
003 CO-MdFUSB
005 20250124093517.0
007 ta
008 230208t1980 sp |||| |||| 00| 0 spa d
020 _a8470572725
040 _bspa.
_aCO-MdFUSB
_cCO-MdFUSB
_dCO-MdFUSBC
_erda
041 _aspa
082 0 4 _a224
_223
_bS3679p
100 1 _aAlonso Schokel, Luis (1920-1998)
_eautor
245 1 0 _aProfetas
_c/ Luis Alonso Schökel , José Luis Sicre Díaz
264 1 _aMadrid, España :
_bEdiciones Cristiandad,
_c[1980]
264 4 _c© 1980
300 _a1373 páginas
_c; 25 cm
336 _2rdacontent
_atexto
_btxt
337 _2rdamedia
_asin mediación
_bn
338 _2rdacarrier
_avolumen
_bnc
490 _aNueva Biblia Española,
505 _tTomo I:
_aIsaías. -- Jeremías.
_tTomo II:
_aEzequiel. -- Doce profetas menores. -- Daniel. -- Baruc. -- Carta de Jeremías.
563 _aPasta dura
630 0 7 _aBiblia.
_pAntiguo Testamento
630 0 7 _aBiblia.
_pProfetas
_xCrítica, interpretación, etc.
700 _93350
_aSicre, José Luis.
_eautor
942 _cBK
945 _aJTF-925
999 _c33262
_d33262